000 01413cam a2200133 4500500
005 20251214005203.0
041 _afre
042 _adc
100 1 0 _aDubar, Claude
_eauthor
245 0 0 _aLa socialisation : Construction des identités sociales et professionnelles
260 _bArmand Colin,
_c2022.
520 _aPourquoi parler de crise des identités ? Cette expression renvoie à des phénomènes multiples : difficultés d’insertion professionnelle des jeunes, montée de nouvelles exclusions sociales, brouillage des catégories servant à se définir et à définir les autres... Comprendre comment se reproduisent et se transforment les identités sociales implique d’éclairer les processus de socialisation par lesquels elles se construisent et se reconstruisent tout au long de la vie. La dimension professionnelle des identités a acquis avec la modernité une importance toute particulière. La socialisation secondaire – à l’âge adulte – est devenue indispensable pour affronter les changements de plus en plus fréquents dans les cycles de vie et les impératifs de la construction identitaire. Ce livre fournit des instruments d’analyse et des résultats empiriques pour saisir la dynamique en cours de la socialisation professionnelle et des identités sociales.
856 4 1 _uhttps://shs.cairn.info/la-socialisation--9782200631345?lang=fr&redirect-ssocas=7080
999 _c1568698
_d1568698